Представление документа в формате RUSMARC

ПолеНазваниеЗначение
  Тип записи a
  Библиографический уровень m
001 Контрольный номер RU/IS/BASE/504356686
005 Дата корректировки 20240209174617.1
010 Индекс ISBN __
a ISBN
b Уточнения в пер.
d Цена 5 р. 00 к.
9 Тираж 50 000 экз.
100 Данные общей обработки __
a Данные общей обработки 20151110d2015 ||| 0rusy0189 ca
101 Язык документа 0_
a Язык текста rus
102 Страна публикации __
a Страна публикации RU
105 Кодированные данные (монография) __
a Кодированные данные (монография) y###||||000|y
200 Заглавие и сведения об ответственности 1_
a Заглавие Пушкин
b Общее обозначение материала Текст
e Сведения, относящиеся к заглавию из биографии и творчества. 1826-1837
f Первые сведения об ответственности Н. Я. Эйдельман
210 Выходные данные 1_
a Место издания Москва
c Издательство Художественная литература
d Дата издания 1987
215 Физическое описание __
a Объем 462, [1] с.
d Формат 20,5 см.
300 Общие примечания __
a Общие примечания Ограничения по возрасту - 16+
300 Общие примечания __
a Общие примечания Под инв. номером 23710: Цс-1, 4с-1, 9н-1, 30-1
600 Персоналии _0
a Персоналии (Фамилия) Пушкин
b Персоналии (Имя, инициалы) А. С.
606 Тематические рубрики 0_
a Основная рубрика Пушкин, Александр Сергеевич (1799-1837)
610 Ключевые слова 0_
a Ключевые слова литературоведение
a Ключевые слова поэты
a Ключевые слова биографии
a Ключевые слова творчество
a Ключевые слова современники
686 Индексы других классификаций __
a Классификационный индекс 83.3(2Рос=Рус)1
2 Код системы ББК
700 Автор _0
a Фамилия Эйдельман
b Имя (инициалы) Натан Яковлевич
g Полное личное имя Н. Я.
801 Источник записи _0
a Страна RU
b Организация МБУК ЦБС
c Дата составления 20151110
g Правила каталогизации RCR
801 Источник записи _1
a Страна RU
b Организация МБУК ЦБС г. Ульяновска
c Дата составления 20151110
g Правила каталогизации RCR
899 Данные о местонахождении __
i Авторский знак Э 34
j Расстановочный фильтр 83.3(2Рос=Рус)1
901 Тип документа __
t Тип документа m
910 Корректоры записи __
a Корректор записи Скрипина